[Event "European Blitz 2022"]
[Site "Katowice POL"]
[Date "2022.12.16"]
[Round "3.77"]
[White "Goraj, Barbara"]
[Black "Kowalski, Igor"]
[Result "0-1"]
[WhiteTitle "WCM"]
[BlackTitle "IM"]
[WhiteElo "2130"]
[BlackElo "2344"]
[WhiteFideId "21816166"]
[BlackFideId "1172468"]
[EventDate "2022.12.16"]

1. Nf3 d5 2. c4 d4 3. b4 c5 4. bxc5 Nc6 5. e3 e5 6. d3 Bxc5 7. Be2 dxe3 8. fxe3
Qb6 9. Nc3 Nf6 10. Na4 Qa5+ 11. Bd2 Bb4 12. O-O Bxd2 13. Nxd2 O-O 14. Rb1 Rd8
15. Rb5 Qc7 16. Qe1 Ne7 17. Qg3 Ng6 18. Nc3 Bd7 19. Rb3 Bc6 20. h4 Qe7 21. h5
Nf8 22. h6 g6 23. Qh4 Nd5 24. Qxe7 Nxe7 25. e4 Ne6 26. Rbb1 Nf4 27. Kf2 Nxd3+
28. Ke3 Nf4 29. Nd5 Bxd5 30. exd5 Nf5+ 31. Kf2 b6 32. g3 Nxe2 33. Kxe2 Nxg3+ 34.
Ke3 Nxf1+ 35. Rxf1 f5 36. Kd3 e4+ 37. Kd4 Rac8 38. a4 Re8 39. Ra1 e3 40. Nf3 e2
41. Ne5 f4 42. Re1 Rxe5 43. Kxe5 f3 0-1

[Event "European Blitz 2022"]
[Site "Katowice POL"]
[Date "2022.12.16"]
[Round "3.78"]
[White "Cieslak, Patryk"]
[Black "Barski, Radoslaw"]
[Result "1-0"]
[BlackTitle "IM"]
[WhiteElo "2094"]
[BlackElo "2441"]
[WhiteFideId "21078882"]
[BlackFideId "1131710"]
[EventDate "2022.12.16"]

1. e4 e5 2. Nf3 Nc6 3. Bb5 a6 4. Ba4 Bc5 5. O-O Nge7 6. c3 Ba7 7. d4 Ng6 8. dxe5
Ncxe5 9. Nxe5 Nxe5 10. Bf4 Ng6 11. Bg3 O-O 12. Nd2 d6 13. Kh1 f5 14. Bb3+ Kh8
15. exf5 Bxf5 16. Bc2 Bxc2 17. Qxc2 d5 18. Rad1 Qf6 19. Nf3 c6 20. Rfe1 Nf4 21.
Bxf4 Qxf4 22. Re7 Rf7 23. Rde1 Raf8 24. Re8 h6 25. Ne5 Qf5 26. Ng6+ Kg8 27.
Rxf8+ Rxf8 28. Ne7+ 1-0

[Event "European Blitz 2022"]
[Site "Katowice POL"]
[Date "2022.12.16"]
[Round "3.79"]
[White "Novotny, Michal"]
[Black "Czarnecka, Lidia"]
[Result "1-0"]
[WhiteTitle "FM"]
[BlackTitle "WCM"]
[WhiteElo "2250"]
[BlackElo "2018"]
[WhiteFideId "310980"]
[BlackFideId "21807531"]
[EventDate "2022.12.16"]

1. e4 c5 2. Nf3 e6 3. c3 d5 4. exd5 Qxd5 5. d4 Nf6 6. Be3 cxd4 7. cxd4 Nc6 8.
Nc3 Qa5 9. Be2 Be7 10. O-O O-O 11. a3 Nd5 12. Ne4 Bd7 13. b4 Qb6 14. Nc5 Rad8
15. Bd2 Bf6 16. Bc4 Nxd4 17. Bxd5 exd5 18. Nxd4 Bxd4 19. Bg5 Bf6 20. Bxf6 Qxf6
21. Nxb7 Rb8 22. Nc5 Bb5 23. Re1 Bc4 24. Nd7 Qd6 25. Nxf8 Rxf8 26. Rc1 Qa6 27.
Re3 h6 28. Qd4 Qb7 29. h3 a6 30. Rg3 f5 31. Re1 f4 32. Rg6 Qf7 33. Rge6 f3 34.
g3 Qf5 35. Re7 Rf7 36. Rxf7 Kxf7 37. Qf4 Qxf4 38. gxf4 Be2 39. Rc1 d4 40. Rc5 d3
41. Rd5 Ke6 42. Rd4 Kf5 43. Kh2 h5 44. Kg3 g6 45. h4 Ke6 1-0

[Event "European Blitz 2022"]
[Site "Katowice POL"]
[Date "2022.12.16"]
[Round "3.80"]
[White "Grochowski, Krzysztof"]
[Black "Haydon, David L"]
[Result "1-0"]
[BlackTitle "FM"]
[WhiteElo "2035"]
[BlackElo "2289"]
[WhiteFideId "1127730"]
[BlackFideId "415405"]
[EventDate "2022.12.16"]

1. e4 c6 2. d4 d5 3. exd5 cxd5 4. Bd3 Nc6 5. c3 Nf6 6. Bf4 Bg4 7. Qb3 Qd7 8. Nd2
e6 9. Ngf3 Bxf3 10. Nxf3 Bd6 11. Bxd6 Qxd6 12. O-O Qc7 13. Rfe1 Nd7 14. Qd1 h6
15. Qe2 O-O-O 16. a4 Kb8 17. a5 Nxa5 18. b4 Nc4 19. Ra2 Ndb6 20. Rea1 a6 21. Ne1
Rhe8 22. Qc2 e5 23. dxe5 Qxe5 24. Bf1 Qe4 25. Qb3 Rc8 26. Nd3 Nd7 27. b5 a5 28.
Nb2 Ndb6 29. Nxc4 Nxc4 30. Ra4 b6 31. h3 Rc5 32. R4a2 Qe6 33. Re2 Qc8 34. Rxe8
Qxe8 35. Rd1 Qe5 36. Rd4 Kc7 37. Qd1 Nd6 38. Qg4 g6 39. Qh4 h5 40. Qd8+ Kxd8 1-0

[Event "European Blitz 2022"]
[Site "Katowice POL"]
[Date "2022.12.16"]
[Round "3.81"]
[White "Fus, Jakub"]
[Black "Kindler, Przemyslaw"]
[Result "1-0"]
[WhiteTitle "FM"]
[WhiteElo "2405"]
[BlackElo "2007"]
[WhiteFideId "1193023"]
[BlackFideId "1159542"]
[EventDate "2022.12.16"]

1. Nf3 b6 2. g3 Bb7 3. Bg2 e6 4. O-O Nf6 5. c4 d5 6. cxd5 Nxd5 7. b3 Be7 8. Bb2
Bf6 9. d4 O-O 10. Nbd2 Nc6 11. Nc4 a5 12. e4 Ndb4 13. a3 Na6 14. Qd2 b5 15. Ne3
e5 16. d5 Nd4 17. Nxd4 exd4 18. Bxd4 Bxd4 19. Qxd4 c5 20. Qb2 f6 21. Rac1 Re8
22. Nf5 Bc8 23. Ne3 Qd6 24. Rfd1 Bd7 25. Qd2 Nc7 26. Qc3 Na6 27. h4 b4 28. Qb2
bxa3 29. Qxa3 Nb4 30. Nc4 Qa6 31. Ne3 Qb5 32. Bf1 Qb6 33. Nc4 Qd8 34. Nd6 Bg4
35. Nxe8 Bxd1 36. Nxf6+ Qxf6 37. Rxd1 Qc3 38. d6 a4 39. d7 Nc6 40. Bc4+ Kf8 1-0

[Event "European Blitz 2022"]
[Site "Katowice POL"]
[Date "2022.12.16"]
[Round "3.82"]
[White "Bettazzi, Daniele"]
[Black "Ondozi, Murtez"]
[Result "1/2-1/2"]
[BlackTitle "FM"]
[WhiteElo "2003"]
[BlackElo "2406"]
[WhiteFideId "886815"]
[BlackFideId "937576"]
[EventDate "2022.12.16"]

1. b3 Nf6 2. Bb2 e6 3. e3 d5 4. Nf3 c5 5. Bb5+ Nbd7 6. O-O Be7 7. d4 O-O 8. Nbd2
a6 9. Be2 b5 10. c4 bxc4 11. bxc4 Rb8 12. Nb3 cxd4 13. Nfxd4 Bb7 14. cxd5 Nxd5
15. Rc1 Qb6 16. Qd2 Rbc8 17. Qa5 Bb4 18. Qxb6 N7xb6 19. Rxc8 Rxc8 20. Rc1 Rxc1+
21. Nxc1 Na4 22. Ba1 Ndc3 23. Bc4 Ba3 24. Nce2 Ne4 25. Bb3 Nac5 26. f3 Nxb3 27.
axb3 Nd6 28. Nc3 Bc5 29. Na4 Ba7 30. Kf2 h6 31. Bb2 Bd5 32. Ba3 Nb7 33. b4 f6
34. Nc3 Bc4 35. Ne4 Kf7 36. Nc5 Nd6 37. Nc6 Bb6 38. Nb8 a5 39. bxa5 Bxa5 40. e4
Nb5 1/2-1/2

[Event "European Blitz 2022"]
[Site "Katowice POL"]
[Date "2022.12.16"]
[Round "3.83"]
[White "Piesik, Piotr"]
[Black "Radecki, Adam"]
[Result "1-0"]
[WhiteTitle "IM"]
[WhiteElo "2420"]
[BlackElo "2012"]
[WhiteFideId "1136194"]
[BlackFideId "1197347"]
[EventDate "2022.12.16"]

1. Nf3 d5 2. g3 c5 3. Bg2 e6 4. O-O Nc6 5. d3 Bd6 6. Nbd2 Nge7 7. e4 O-O 8. Qe2
b6 9. Re1 Bb7 10. c3 Rc8 11. h4 d4 12. c4 Ne5 13. Nxe5 Bxe5 14. f4 Bb8 15. h5 a6
16. h6 g6 17. Nf3 b5 18. b3 bxc4 19. bxc4 Qd7 20. Rb1 Bc6 21. Ba3 Ba4 22. Rb2
Ba7 23. Reb1 Rb8 24. Rxb8 Bxb8 25. Bxc5 Ba7 26. Ne5 Qc7 27. Bxa7 Qxa7 28. Qb2
Qc5 29. Qb4 Qxb4 30. Rxb4 Bc2 31. Bf1 Rc8 32. Rb7 Nc6 33. Nxc6 1-0

[Event "European Blitz 2022"]
[Site "Katowice POL"]
[Date "2022.12.16"]
[Round "3.84"]
[White "Zerebiec, Maurycy"]
[Black "Mitusov, Semen"]
[Result "0-1"]
[BlackTitle "IM"]
[WhiteElo "1917"]
[BlackElo "2397"]
[WhiteFideId "21816026"]
[BlackFideId "14151049"]
[EventDate "2022.12.16"]

1. c4 e6 2. e4 d5 3. exd5 exd5 4. d4 Nf6 5. Nf3 Be7 6. Nc3 O-O 7. Be2 h6 8. O-O
Be6 9. Ne5 dxc4 10. Bxc4 Bxc4 11. Nxc4 Nc6 12. Be3 Nd5 13. Qf3 Nb6 14. Ne5 Nxd4
15. Qg4 Ne6 16. Bxh6 f5 17. Qg3 Bh4 18. Qh3 gxh6 19. g3 Be7 20. Qxh6 Rf6 21. Ng6
Bd6 22. Qh8+ Kf7 23. Qh7+ Ng7 24. Nh8+ Kf8 25. Ng6+ Kf7 26. Nh8+ Qxh8 0-1

[Event "European Blitz 2022"]
[Site "Katowice POL"]
[Date "2022.12.16"]
[Round "3.85"]
[White "Dobrovoljc, Vid"]
[Black "Walter, Ema"]
[Result "1-0"]
[WhiteTitle "FM"]
[WhiteElo "2384"]
[BlackElo "2041"]
[WhiteFideId "14609843"]
[BlackFideId "14960710"]
[EventDate "2022.12.16"]

1. Nf3 Nf6 2. g3 g6 3. Bg2 Bg7 4. O-O O-O 5. Nc3 d5 6. d3 c5 7. a3 Nc6 8. Rb1 b6
9. b4 cxb4 10. axb4 Bb7 11. Bd2 e6 12. b5 Ne7 13. Qc1 Re8 14. e3 Nf5 15. Ne2 Nd6
16. Bc3 Qd7 17. Qb2 Nh5 18. Bxg7 Nxg7 19. Ne5 Qc7 20. Rfc1 Nxb5 21. Ng4 Nd6 22.
Nf6+ Kh8 23. Nxe8 Rxe8 24. Nd4 e5 25. Nf3 f6 26. Nd2 Ne6 27. Qa2 e4 28. Qxa7 Ra8
29. Qxb6 1-0

[Event "European Blitz 2022"]
[Site "Katowice POL"]
[Date "2022.12.16"]
[Round "3.86"]
[White "Feseniuk, Andrii"]
[Black "Maltsevskaya, Aleksandra"]
[Result "0-1"]
[BlackTitle "IM"]
[WhiteElo "1961"]
[BlackElo "2400"]
[WhiteFideId "14125978"]
[BlackFideId "24174041"]
[EventDate "2022.12.16"]

1. Nf3 Nf6 2. g3 g6 3. Bg2 Bg7 4. O-O d6 5. c4 e5 6. d3 O-O 7. Nc3 Nc6 8. a3 a5
9. Rb1 Ne8 10. b4 axb4 11. axb4 f5 12. e4 f4 13. b5 Nd4 14. Nxd4 exd4 15. Nd5 g5
16. gxf4 c6 17. bxc6 bxc6 18. Nb4 gxf4 19. Nxc6 Qc7 20. Nb4 f3 21. Bxf3 Bh3 22.
Bg2 Bxg2 23. Kxg2 Kh8 24. Nd5 Qf7 25. f4 Nf6 26. Nxf6 Bxf6 27. Kh1 Rg8 28. Rg1
Rxg1+ 29. Qxg1 Qh5 30. Qf2 Qd1+ 31. Qg1 Qxd3 32. Bb2 Qxe4+ 0-1

[Event "European Blitz 2022"]
[Site "Katowice POL"]
[Date "2022.12.16"]
[Round "3.87"]
[White "Stremavicius, Pijus"]
[Black "Kaminski, Piotr"]
[Result "1-0"]
[WhiteTitle "FM"]
[WhiteElo "2369"]
[BlackElo "2011"]
[WhiteFideId "12812730"]
[BlackFideId "1125451"]
[EventDate "2022.12.16"]

1. e4 c6 2. Nc3 d5 3. Nf3 Bg4 4. h3 Bxf3 5. Qxf3 e6 6. Be2 Nf6 7. O-O Bc5 8. Rd1
O-O 9. d4 Bb6 10. Bg5 h6 11. Bh4 g5 12. Bg3 Nbd7 13. e5 Nh7 14. Qh5 Kg7 15. h4
Rh8 16. f4 Ndf8 17. Na4 Ng6 18. Nxb6 axb6 19. hxg5 hxg5 20. Rf1 gxf4 21. Bxf4
Nxf4 22. Rxf4 Qe7 23. Raf1 Raf8 24. Rg4+ 1-0

[Event "European Blitz 2022"]
[Site "Katowice POL"]
[Date "2022.12.16"]
[Round "3.88"]
[White "Sowinski, Pawel"]
[Black "Plaskan, Jure"]
[Result "0-1"]
[WhiteElo "2064"]
[BlackElo "2241"]
[WhiteFideId "21881979"]
[BlackFideId "14605252"]
[EventDate "2022.12.16"]

1. c4 Nf6 2. Nc3 e6 3. d4 d5 4. cxd5 exd5 5. Bg5 Be7 6. e3 c6 7. Bd3 O-O 8. Qc2
h6 9. Bxf6 Bxf6 10. Nge2 Nd7 11. Ng3 b5 12. O-O Nb6 13. b3 a5 14. a4 b4 15. Nce2
Qd6 16. Rac1 Bb7 17. e4 dxe4 18. Nxe4 Qe7 19. Nc5 Bc8 20. Be4 Nd5 21. Rfe1 Qd8
22. Rcd1 Bg4 23. f3 Ne3 24. Qd2 Nxd1 25. Rxd1 Bd7 26. Qc2 Rc8 27. Ng3 Be6 28.
Nxe6 fxe6 29. Qc4 Qd7 30. Ne2 Bg5 31. g3 Be3+ 32. Kg2 c5 33. d5 Kh8 34. Rd3 Bd4
35. dxe6 Qe7 36. Nf4 Rxf4 37. gxf4 Rf8 38. Qd5 Rxf4 39. Qa8+ Rf8 40. Qd5 Qf6 41.
Rd1 Re8 42. Kh1 Qxe6 43. Qxe6 Rxe6 44. Rc1 g5 45. Kg2 Kg7 46. h3 Kf6 47. Kf1 Ke5
48. Ke2 Kf4 49. Kd3 Be3 50. Re1 Rd6+ 51. Kc4 Rd4+ 52. Kb5 Rd2 53. Kxa5 Rb2 54.
Bd5 h5 55. Kb5 Ra2 56. a5 Bf2 57. Re4+ Kg3 58. a6 Kxh3 59. Re7 c4 60. Bxc4 Kg3
61. Rg7 Be3 62. Kxb4 h4 63. Kb5 h3 64. b4 h2 65. Rh7 Ra1 66. f4 gxf4 67. Bd5 f3
68. Rg7+ Kf2 69. Rh7 h1=Q 70. Rxh1 Rxh1 71. Kc6 Ra1 72. b5 Kg3 73. Bxf3 Kxf3 74.
Kb7 Rb1 75. Kc6 Ke4 0-1

[Event "European Blitz 2022"]
[Site "Katowice POL"]
[Date "2022.12.16"]
[Round "3.89"]
[White "Kacprzak, Kacper"]
[Black "Bokhnak, Timofey"]
[Result "1/2-1/2"]
[WhiteElo "2289"]
[BlackElo "2096"]
[WhiteFideId "21819319"]
[BlackFideId "14172976"]
[EventDate "2022.12.16"]

1. e4 e5 2. Nf3 Nc6 3. Bb5 a6 4. Ba4 Nf6 5. O-O b5 6. Bb3 Bb7 7. d3 Bc5 8. a4 b4
9. a5 O-O 10. Nbd2 d6 11. Nc4 Nd4 12. Nxd4 Bxd4 13. Be3 d5 14. exd5 Qxd5 15. f3
Bxe3+ 16. Nxe3 Qc5 17. Qd2 Nd5 18. Bxd5 Bxd5 19. Qf2 Be6 20. Rfe1 Rad8 21. b3 f6
22. Nd1 Qb5 23. Nb2 Rd4 24. Re4 Rfd8 25. h3 Qc5 26. Rxd4 Rxd4 27. Nd1 Qc6 28.
Ne3 Qc3 29. Re1 Qc5 30. Ra1 Qc3 31. Qe1 Qc5 32. Kh1 Qc6 33. Qd2 f5 34. Qe2 e4
35. dxe4 fxe4 36. f4 Qc3 37. Rd1 c5 38. f5 Bf7 39. Qxa6 h6 40. Qe2 Rxd1+ 41.
Nxd1 Qa1 42. a6 c4 43. bxc4 Qxa6 44. Qxe4 Bxc4 45. Ne3 Bf7 46. Kh2 Qe2 47. Qf4
Qd2 48. Kg3 Qe1+ 49. Qf2 Qc3 50. Qf3 Qe5+ 51. Qf4 Qc3 52. Kh2 Kh7 53. Qe4 Qc7+
54. Kh1 Qc3 55. f6+ Bg6 56. Qb7 Qxf6 57. Qxb4 Qf2 58. Qc3 Be4 59. Kh2 Qf4+ 60.
Kg1 Qg3 61. Qd2 Qf4 62. c3 Qg5 63. Nc4 Qc5+ 64. Ne3 Qg5 65. Nc4 Qc5+ 66. Qd4 Qf5
67. Nd2 Bc6 68. c4 Qg5 69. Qd3+ Kh8 70. Qe2 Qc5+ 71. Qf2 Qg5 72. Nf3 Qf4 73. c5
Qc1+ 74. Kh2 Qf4+ 75. Qg3 Qe3 76. Qb8+ Kh7 77. Qb1+ Kh8 78. Qf5 Bxf3 79. Qf8+
Kh7 80. Qf5+ Kh8 81. Qc8+ Kh7 82. Qf5+ Kh8 83. Qxf3 Qxc5 84. h4 Qd6+ 85. g3 Kh7
86. Qe4+ Kh8 1/2-1/2

[Event "European Blitz 2022"]
[Site "Katowice POL"]
[Date "2022.12.16"]
[Round "3.90"]
[White "Gaponenko, Inna"]
[Black "Javornik, Nik"]
[Result "1-0"]
[WhiteTitle "IM"]
[WhiteElo "2341"]
[BlackElo "2080"]
[WhiteFideId "14101181"]
[BlackFideId "14636549"]
[EventDate "2022.12.16"]

1. e4 c5 2. Nf3 Nc6 3. c3 d5 4. exd5 Qxd5 5. d4 Bg4 6. Be2 Nf6 7. h3 Bh5 8. O-O
cxd4 9. cxd4 e6 10. Nc3 Qd6 11. Be3 Be7 12. Qb3 O-O 13. Rfd1 Rfd8 14. Rac1 a6
15. Na4 Nd5 16. Nc5 Rab8 17. Ne4 Qb4 18. Qxb4 Ncxb4 19. a3 Nxe3 20. fxe3 Nd5 21.
Kf2 f5 22. Nc3 Nf6 23. Bc4 Bf7 24. Ng5 Nd5 25. Nxf7 Nxc3 26. Rxc3 Kxf7 27. Rdc1
Rd7 28. Bb3 Kf6 29. Rc7 Rbd8 30. Rxd7 Rxd7 31. Rc8 e5 32. d5 b6 33. Rc6+ Rd6 34.
Rc7 a5 35. Rb7 g5 36. g4 fxg4 37. hxg4 Bf8 38. Kf3 h6 39. Ke4 Be7 40. Ba4 Bf8
41. Be8 Be7 42. a4 Rd8 43. Bc6 Bc5 44. Bd7 Rh8 45. Be6 h5 46. gxh5 Rxh5 47. Rf7+
Kg6 48. Rf3 Rh4+ 49. Kxe5 Rxa4 50. d6 Bxd6+ 51. Kxd6 Rb4 52. Rf2 a4 53. e4 Rxe4
54. Bf5+ 1-0

[Event "European Blitz 2022"]
[Site "Katowice POL"]
[Date "2022.12.16"]
[Round "3.91"]
[White "Adamczewski, Jedrzej"]
[Black "Kacprzak, Karol"]
[Result "1/2-1/2"]
[WhiteElo "1938"]
[BlackElo "2226"]
[WhiteFideId "1135414"]
[BlackFideId "21819327"]
[EventDate "2022.12.16"]

1. e4 c5 2. Nf3 d6 3. d4 cxd4 4. Nxd4 Nf6 5. Nc3 a6 6. Bg5 e6 7. f4 Be7 8. Bd3
Qc7 9. Qe2 Nbd7 10. O-O-O h6 11. Bh4 g5 12. fxg5 Nh7 13. Qh5 Nxg5 14. Rhf1 Ne5
15. Kb1 Bd7 16. Bg3 O-O-O 17. h4 Nh7 18. Qxh6 Nf6 19. Qd2 Nfg4 20. Nf3 Be8 21.
Nxe5 Nxe5 22. Bxe5 dxe5 23. g3 Kb8 24. Qf2 Rh7 25. Qf3 Bc5 26. Ne2 Bc6 27. a3
Qb6 28. Ka1 Qa5 29. Ka2 Ka7 30. Nc1 Qb6 31. Nb3 Be7 32. Qf2 Rg8 33. Qf3 Rhg7 34.
h5 Be8 35. Rg1 Ka8 36. g4 Bg5 37. Rg2 Bf4 38. Rf1 Bc6 39. Qe2 a5 40. Nd2 a4 41.
Nc4 Qc5 42. Qe1 Kb8 43. Qa5 Qxa5 44. Nxa5 Bd7 45. Be2 Rg5 46. Rh1 b6 47. Nc4 Kc7
48. Bf3 Bb5 49. b3 Bc6 50. Nb2 axb3+ 51. cxb3 f5 52. h6 fxg4 53. h7 Rh8 54. Rxg4
Rxg4 55. Bxg4 Bxe4 56. Rh3 1/2-1/2

[Event "European Blitz 2022"]
[Site "Katowice POL"]
[Date "2022.12.16"]
[Round "3.92"]
[White "Mis, Mieszko"]
[Black "Malik, Maciej"]
[Result "0-1"]
[WhiteTitle "FM"]
[WhiteElo "2389"]
[BlackElo "1954"]
[WhiteFideId "1196448"]
[BlackFideId "21007071"]
[EventDate "2022.12.16"]

1. e4 c5 2. f4 Nc6 3. Nf3 g6 4. Bb5 Bg7 5. Bxc6 bxc6 6. O-O d5 7. e5 Bf5 8. d3
h5 9. Nc3 h4 10. h3 e6 11. Na4 Qa5 12. b3 c4 13. Bd2 Qb5 14. Nd4 Qa6 15. Bb4
cxd3 16. Nxf5 gxf5 17. cxd3 Qb5 18. Bd6 Ne7 19. Rc1 Rc8 20. Qc2 Ng6 21. Qc5
Qxc5+ 22. Bxc5 Bh6 23. Bxa7 Nxf4 24. Rc2 Rg8 25. Kh1 Nxd3 26. Nb6 Rc7 27. Rd1
Nb4 28. Bb8 Rb7 29. Rc5 Rxb6 30. Bd6 Kd7 31. Ra5 Rb7 32. Rd4 0-1

[Event "European Blitz 2022"]
[Site "Katowice POL"]
[Date "2022.12.16"]
[Round "3.93"]
[White "Kolesnikovs, Ivans"]
[Black "D'Costa, Lorin"]
[Result "0-1"]
[BlackTitle "IM"]
[WhiteElo "2052"]
[BlackElo "2375"]
[WhiteFideId "11602244"]
[BlackFideId "409219"]
[EventDate "2022.12.16"]

1. c4 e5 2. Nc3 Nc6 3. e4 Bc5 4. Nf3 d6 5. d3 a6 6. Be2 h6 7. O-O Nf6 8. a3 O-O
9. b4 Ba7 10. Nd5 Be6 11. Be3 Nd7 12. Bxa7 Rxa7 13. Ne3 Nf6 14. Qc2 Ne7 15. d4
Ng6 16. Rad1 Qc8 17. Nd5 Nd7 18. dxe5 dxe5 19. Rd2 c6 20. Ne3 Re8 21. Rfd1 Ndf8
22. c5 a5 23. Bc4 axb4 24. axb4 Bxc4 25. Nxc4 Qg4 26. h3 Qh5 27. Rd8 Ra8 28.
Rxe8 Rxe8 29. Nd6 Rb8 30. Qc4 Nf4 31. Qb3 N8e6 32. Nf5 Ra8 33. Ng3 Qg6 34. Nh4
Qf6 35. Nhf5 h5 36. Qf3 g6 37. Nd6 Nxh3+ 38. Kh2 Nhf4 39. Nc4 Nd4 40. Qe3 h4 41.
Nf1 Qe7 42. Nb6 Rd8 43. Ra1 Nc2 44. Qc1 Nxa1 45. Qxa1 h3 46. g3 Nd3 47. Qa2 Nxb4
48. Qc4 Nd3 49. Ne3 Nxf2 50. Na4 Rd2 51. Qc3 Ng4+ 52. Kxh3 Nf2+ 53. Kh2 Nxe4+ 0-1

[Event "European Blitz 2022"]
[Site "Katowice POL"]
[Date "2022.12.16"]
[Round "3.95"]
[White "Cyfka, Karina"]
[Black "Cano Sevilla, Ivan"]
[Result "1-0"]
[WhiteTitle "IM"]
[WhiteElo "2348"]
[BlackElo "2027"]
[WhiteFideId "1122681"]
[BlackFideId "32043546"]
[EventDate "2022.12.16"]

1. d4 Nf6 2. c4 e5 3. dxe5 Ng4 4. Nf3 Nc6 5. Bf4 Bc5 6. e3 f6 7. Nc3 fxe5 8. Bg3
d6 9. Bd3 Nb4 10. Bb1 a5 11. h3 Nh6 12. O-O Be6 13. a3 Nc6 14. Nd5 O-O 15. Bxh7+
Kxh7 16. Bh4 Qd7 17. b4 axb4 18. axb4 Rxa1 19. Qxa1 Nxb4 20. Nxb4 Bxb4 21. Qb1+
Bf5 22. Qxb4 1-0

[Event "European Blitz 2022"]
[Site "Katowice POL"]
[Date "2022.12.16"]
[Round "3.96"]
[White "Dziendziel, Mateusz"]
[Black "Molenda, Marcin"]
[Result "1-0"]
[BlackTitle "FM"]
[WhiteElo "2042"]
[BlackElo "2381"]
[WhiteFideId "21840946"]
[BlackFideId "1173065"]
[EventDate "2022.12.16"]

1. e4 c5 2. Nf3 e6 3. g3 b6 4. Bg2 Bb7 5. Qe2 d6 6. O-O Nf6 7. Nc3 Be7 8. d4
cxd4 9. Nxd4 O-O 10. Be3 Qc8 11. Rfd1 a6 12. a4 Nbd7 13. f4 Qc7 14. Bf2 Rac8 15.
f5 e5 16. Nb3 Qb8 17. g4 h6 18. h4 Nh7 19. Rd2 Nc5 20. Nxc5 dxc5 21. Rad1 Bc6
22. Nd5 Qb7 23. b3 Rfe8 24. Qc4 Nf6 25. Qe2 Nh7 26. Qc4 b5 27. axb5 axb5 28. Qe2
Nf6 29. g5 Nh7 30. g6 fxg6 31. fxg6 Nf6 32. Bh3 Rcd8 33. Be6+ Kh8 34. Bf7 Rf8
35. Nxf6 Bxf6 36. Qg4 Rxd2 37. Rxd2 Bxe4 38. Bxc5 Ra8 39. Qd7 Qxd7 40. Rxd7 Bxc2
41. b4 Bxh4 42. Bd6 Bf6 43. Rb7 Bd3 44. Kf2 e4 45. Ke3 Rd8 46. Bc5 Be7 47. Rxe7
h5 48. Re5 1-0

[Event "European Blitz 2022"]
[Site "Katowice POL"]
[Date "2022.12.16"]
[Round "3.97"]
[White "Dragicevic, Drazen"]
[Black "Parol, Pola"]
[Result "1-0"]
[WhiteTitle "FM"]
[BlackTitle "WFM"]
[WhiteElo "2345"]
[BlackElo "2041"]
[WhiteFideId "1707922"]
[BlackFideId "1163116"]
[EventDate "2022.12.16"]

1. Nf3 Nf6 2. g3 e6 3. Bg2 d5 4. O-O Be7 5. c4 O-O 6. Qc2 d4 7. e3 c5 8. Ne5
Nbd7 9. exd4 cxd4 10. Nxd7 Nxd7 11. d3 a5 12. Na3 Nc5 13. Bf4 Qb6 14. Nb5 Nd7
15. b3 e5 16. Bd2 Nc5 17. a3 Bd7 18. b4 axb4 19. axb4 Ne6 20. Na3 f6 21. c5 Qc7
22. Qb3 Kh8 23. Bd5 Ng5 24. h4 Nh3+ 25. Kh2 g5 26. Be6 g4 27. Bh6 Rfe8 28. Bxd7
Qxd7 29. Qf7 Rg8 30. Nc4 Rxa1 31. Rxa1 Qe8 32. Bg7+ 1-0

[Event "European Blitz 2022"]
[Site "Katowice POL"]
[Date "2022.12.16"]
[Round "3.98"]
[White "Karvatskyi, Oleksii"]
[Black "Bartel, Michal"]
[Result "0-1"]
[BlackTitle "FM"]
[WhiteElo "1995"]
[BlackElo "2250"]
[WhiteFideId "14191059"]
[BlackFideId "1119257"]
[EventDate "2022.12.16"]

1. d4 Nf6 2. Nc3 d5 3. Bf4 c6 4. e3 Qb6 5. Rb1 Bf5 6. Nf3 e6 7. Ne5 Nbd7 8. g4
Bg6 9. h4 Bb4 10. h5 Be4 11. f3 Nxe5 12. fxe4 Nexg4 13. e5 Ne4 14. Bd3 Ngf2 15.
Qc1 Nxh1 16. a3 Bxc3+ 17. bxc3 Qa5 18. Bxe4 dxe4 19. Rxb7 O-O 20. Kd2 Nf2 21.
Qf1 Ng4 22. Qg2 Rab8 23. Rxb8 Rxb8 24. Qxg4 Qxa3 25. Bh6 Qf8 26. Bg5 Rb1 27. h6
Qa3 28. Qxe4 Qc1+ 29. Kd3 Qf1+ 30. Kd2 Rd1# 0-1

[Event "European Blitz 2022"]
[Site "Katowice POL"]
[Date "2022.12.16"]
[Round "3.99"]
[White "Drazic, Sinisa"]
[Black "Ribeiro, Rodrigo"]
[Result "1/2-1/2"]
[WhiteTitle "GM"]
[WhiteElo "2372"]
[BlackElo "1953"]
[WhiteFideId "901172"]
[BlackFideId "1938398"]
[EventDate "2022.12.16"]

1. d4 d5 2. Bg5 h6 3. Bh4 Nf6 4. Nd2 e6 5. e3 Be7 6. Bd3 O-O 7. c3 c5 8. f4 Nc6
9. Ngf3 c4 10. Bc2 b5 11. O-O Bd7 1/2-1/2

[Event "European Blitz 2022"]
[Site "Katowice POL"]
[Date "2022.12.16"]
[Round "3.100"]
[White "Mihelic, Vesna"]
[Black "Seemann, Jakub"]
[Result "0-1"]
[WhiteTitle "WCM"]
[BlackTitle "FM"]
[WhiteElo "2040"]
[BlackElo "2365"]
[WhiteFideId "14625520"]
[BlackFideId "21874697"]
[EventDate "2022.12.16"]

1. e4 e6 2. d4 d5 3. exd5 exd5 4. Bd3 Nf6 5. Nf3 c5 6. O-O c4 7. Re1+ Be7 8. Bf1
O-O 9. c3 Nc6 10. h3 h6 11. Bf4 Bf5 12. Nbd2 Rc8 13. Ne5 b5 14. b4 a5 15. a3 Ne4
16. Nxe4 Bxe4 17. Qg4 Nxe5 18. Bxe5 Bf6 19. f3 Bg6 20. g3 h5 21. Bxf6 Qxf6 22.
Qf4 Qxf4 23. gxf4 Ra8 24. Kf2 h4 25. Rac1 axb4 26. axb4 Ra2+ 27. Kg1 f6 28. Re6
Rfa8 29. Rb6 Bd3 30. Re1 Bxf1 31. Kxf1 Rc2 32. Rxb5 Raa2 33. Rxd5 Rf2+ 34. Kg1
Rg2+ 35. Kh1 Rh2+ 36. Kg1 Rxh3 37. Rd7 Rg3+ 38. Kh1 Rgg2 39. b5 h3 40. b6 Rh2+
41. Kg1 Rag2+ 0-1

[Event "European Blitz 2022"]
[Site "Katowice POL"]
[Date "2022.12.16"]
[Round "4.1"]
[White "Quilter, Thomas A"]
[Black "Adams, Michael"]
[Result "1-0"]
[WhiteTitle "CM"]
[BlackTitle "GM"]
[WhiteElo "2162"]
[BlackElo "2688"]
[WhiteFideId "408530"]
[BlackFideId "400041"]
[EventDate "2022.12.16"]

1. e4 e5 2. Nf3 Nc6 3. Bc4 Bc5 4. c3 Nf6 5. d3 d6 6. b4 Bb6 7. a4 a5 8. b5 Ne7
9. Nbd2 Ng6 10. Nf1 c6 11. Be3 O-O 12. h4 d5 13. exd5 cxd5 14. Bb3 d4 15. Bg5
dxc3 16. Ne3 h6 17. h5 Nf4 18. Nxe5 hxg5 19. h6 Qe7 20. d4 g6 21. g3 Ne6 22.
N3c4 Bxd4 23. Kf1 Kh7 24. Qf3 Bxe5 25. Nxe5 Nd4 26. Qxc3 Nxb3 27. Re1 Be6 28. f4
Rac8 29. Qb2 Rg8 30. fxg5 Nh5 31. Rxh5 gxh5 32. Qb1+ Kh8 33. Qb2 f6 34. g6 1-0